| 000 | 00338nam a22001337a 4500 | ||
|---|---|---|---|
| 008 | 170616b xxu||||| |||| 00| 0 eng d | ||
| 020 | _a9780842027687 | ||
| 041 | _aeng | ||
| 080 | _a32 | ||
| 100 | _a20 | ||
| 101 | _aSHP | ||
| 245 |
_aREPRESSION, RESISTANCE AND DEMOCRATIC TRANSITION IN CENTRAL AMERICA _cWALKER, TH.W |
||
| 942 |
_2udc _cBK |
||
| 999 |
_c17816 _d17816 |
||